1133 1323 1084 1106 1692 1811 1801 1396 1674 1773 1648 1677 1542 1139 1197 1978 1209 1592 1351 1968 1113 1146 1306 1697 1489 1305 1751 1411 1206 1132 1925 1734 1411 1427 1022 1805 1173 1050 1494 1460 1216 1120 1748 1259 1082 1358 1501 1140 1416 1674 1962 1574 1430 1614 1372 1907 1841 1556 1559 1543 1206 1648 1992 1620 1354 1846 1772 1450 1044 1125 1137 1004 1058 1566 1375 1258 1009 1289 1693 1409 1202 1362 1676 1176 1876 1137 1334 1992 1703 1009 1667 1660 1173 1679 1858 1914 1343 1034 1088 BCNSPRNW ULIB Ver.6.0+V

เปลี่ยนเป็นภาษาไทย

Change to English
 แสดงรายละเอียดบรรณานุกรม
  กลับหน้าหลัก

Brief Record : Get Marc (ISO 2709) : E-mail record : QR code < ปิดหน้าต่าง
LEADER : 00000nam 2200000uu 4500
001    13399123346
003     ULIB
008    140825s2535||||th 000 0 tha d
099    วพ WT120^bส661ป
100 0  สายยันต์ เจริญขำ
245 00 ปัจจัยที่มีความสัมพันธ์ต่อความซึมเศร้าของผู้สูงอายุในเขตชนบท : กรณีศึกษาผู้สูงอายุในเขตอำเภอบรรพตพิสัย จังหวัดนครสวรรค์ /^cสายยันต์ เจริญขำ
260    นครปฐม :^bมหาวิทยาลัยมหิดล,^c2535
300    124 หน้า
502    วิทยานิพนธ์ (วท.ม.) สาขาวิชาเอกอนามัยครอบครัว,^c2535
650  0 ภาวะซึมเศร้า
650  0 ผู้สูงอายุ
710 1  อำเภอบรรพตพิสัย จังหวัดนครสวรรค์
945    ^p0^l0^i023433
999    ^aเกษร โพธิ์สุวรรณ
รายการนี้ยังไม่มีแท็ก
คุณยังไม่ได้ล็อกอิน คุณสามารถมีกิจกรรมร่วมกับเว็บไซต์ได้ แต่ต้องล็อกอินก่อน ::
  ล็อกอิน

รายการสื่อสารสนเทศ

ลำดับที่ ประเภท เลขเรียก/บาร์โค้ด สถานที่ สถานะ
1. วิทยานิพนธ์
วิทยานิพนธ์
วพ WT120 ส661ป ฉ.1 
  Barcode: 023433
ห้องสมุดวิทยาเขตสวรรค์ประชารักษ์
► วิทยานิพนธ์
บนชั้น

รายการใกล้เคียง
    หัวเรื่อง [ภาวะซึมเศร้า]
    หัวเรื่อง [ผู้สูงอายุ]

BibComment


ยังไม่เคยถูกคอมเมนท์

คอมเมนท์ทรัพยากรรายการนี้
  คอมเมนท์: ปัจจัยที่มีความสั..


 Copyright 2026. Bcnsprnw @Library